Statistics for Countries of Europe in 1650 with a Map

Click here to take the quiz!

General Stats

  • This quiz has been taken 1,629 times
    (1,565 since last reset)
  • The average score is 25 of 46

Answers on the Map

Answers color-coded by a green-red scale on the quiz's map according to % correct below.
Loading ...
 

Answer Stats

Country% Correct
Russia
99%
Scotland
98%
Sweden
98%
Spain
98%
Denmark-Norway
98%
Irish Catholic Confederation
98%
England
98%
France
98%
Polish-Lithuanian Commonwealth
97%
Portugal
97%
Ottoman Empire
97%
Habsburg Monarchy
96%
Dutch Republic
96%
Switzerland
91%
Brandenburg-Prussia
89%
Holy Roman Empire
85%
Venice
84%
Andorra
81%
Cossack Hetmanate
77%
Order of Saint John
77%
Papal States
76%
San Marino
70%
Genoa
66%
Monaco
65%
Tuscany
63%
Ragusa
43%
Savoy
38%
Modena
34%
Parma
34%
Lucca
25%
Courland and Semigallia
21%
Mantua
16%
Montferrat
8%
Orange
8%
Massa and Carrara
7%
Kalmyk Khanate
5%
Noli
4%
Cospaia
4%
Masserano
3%
Seborga
3%
Senarica
3%
Fosdinovo
3%
Novellera and Bagnolo
3%
Torriglia
3%
Mirandola
3%
Guastalla
3%

Score Distribution

Percentile by Number Answered

Percent of People with Each Score

Your Score History

You have not taken this quiz since the last reset